[Event "Moscow op-B"]
[Site "Moscow"]
[Date "2010.02.07"]
[Round "9.139"]
[White "Semin, Gennadiy Vladimirov"]
[Black "Keze, Arnis"]
[Result "1-0"]
[WhiteElo "2149"]
[BlackElo "1816"]
[PlyCount "69"]
[EventDate "2010.01.30"]
[EventType "swiss"]
[EventRounds "9"]
[EventCountry "RUS"]
[SourceTitle "EXT 2023"]
[Source "ChessBase"]
[SourceDate "2022.10.05"]
[SourceVersion "1"]
[SourceVersionDate "2022.10.05"]
[SourceQuality "1"]

1. d4 d5 2. c4 c6 3. Nf3 Nf6 4. Nc3 e6 5. e3 dxc4 6. Bxc4 b5 7. Bd3 Nbd7 8. 0-0 Bd6 9. e4 Bb8 10. e5 Nd5 11. Nxd5 exd5 12. Ng5 Nf8 13. f4 h6 14. Nf3 Bg4 15. Qc2 Qb6 16. Be3 Ne6 17. Ne1 a5 18. Qf2 Bh5 19. Qh4 g6 20. f5 Qd8 21. Qg3 Ng5 22. fxg6 fxg6 23. Bxg5 Qxg5 24. Qxg5 hxg5 25. h3 Ba7 26. Nc2 Rb8 27. g4 c5 28. gxh5 gxh5 29. Bg6+ Kd8 30. Rf7 Bb6 31. Ne3 cxd4 32. Nxd5 Bc5 33. e6 Rh6 34. Rd7+ Kc8 35. Ne7+ 1-0

[Event "RUS-ch Seniors"]
[Site "Lesnoj Gorodok"]
[Date "2009.10.08"]
[Round "6"]
[White "Kuznetsov, Fiodor"]
[Black "Keze, Arnis"]
[Result "1-0"]
[WhiteElo "1954"]
[BlackElo "1875"]
[PlyCount "89"]
[EventDate "2009.10.03"]
[EventType "swiss"]
[EventRounds "9"]
[EventCountry "RUS"]
[SourceTitle "CBM 132 Extra"]
[Source "ChessBase"]
[SourceDate "2009.11.03"]
[SourceVersion "1"]
[SourceVersionDate "2009.11.03"]
[SourceQuality "1"]

1. Nc3 d5 2. e3 e5 3. Qh5 g6 4. Qxe5+ Qe7 5. Qxh8 Nf6 6. Nxd5 Nxd5 7. Qd4 Be6 8. Nf3 a6 9. Qa4+ c6 10. d4 b5 11. Qa5 Qb7 12. Qd2 a5 13. Bd3 Bb4 14. c3 Bd6 15. 0-0 Bg4 16. Ne5 Be6 17. e4 Nf6 18. Qe2 Nbd7 19. Nxd7 Nxd7 20. Be3 h5 21. e5 Be7 22. b3 Nb6 23. c4 b4 24. f4 Qd7 25. d5 Bg4 26. Qc2 Rb8 27. e6 fxe6 28. Bxg6+ Kd8 29. dxc6 Qxc6 30. h3 Bc5 31. Bxc5 Qxc5+ 32. Qf2 Qxf2+ 33. Rxf2 Bf5 34. Bxf5 exf5 35. Re2 Rb7 36. Re5 a4 37. Rd1+ Kc8 38. Rxf5 Kb8 39. Rb5 axb3 40. axb3 Nc8 41. Rxb7+ Kxb7 42. f5 Kc6 43. f6 Nd6 44. Rxd6+ Kxd6 45. c5+ 1-0

[Event "Wch Seniors 14th"]
[Site "Halle"]
[Date "2004.11.05"]
[Round "11"]
[White "Waisberg, Arnold"]
[Black "Keze, Arnis"]
[Result "1-0"]
[WhiteElo "2121"]
[BlackElo "1992"]
[PlyCount "119"]
[EventDate "2004.10.24"]
[EventType "swiss"]
[EventRounds "11"]
[EventCountry "GER"]
[SourceTitle "EXT 2005"]
[Source "ChessBase"]
[SourceDate "2004.11.15"]
[SourceVersion "1"]
[SourceVersionDate "2004.11.15"]
[SourceQuality "1"]

1. e4 c5 2. c3 d5 3. exd5 Qxd5 4. d4 Nc6 5. Nf3 Bg4 6. Be2 Rd8 7. dxc5 Qxc5 8. Qa4 Qb6 9. Qxg4 Nf6 10. Qa4 e6 11. 0-0 Bc5 12. Nbd2 0-0 13. Qb5 Rfe8 14. Qxb6 Bxb6 15. Nc4 Bc7 16. Bg5 b5 17. Bxf6 gxf6 18. Ne3 a6 19. Rad1 Rc8 20. Nd4 Ne7 21. Bf3 f5 22. Bb7 Rb8 23. Bxa6 b4 24. Bc4 Be5 25. Bb3 h5 26. Rfe1 Bf6 27. cxb4 Rxb4 28. Ndc2 Rbb8 29. Nc4 Ng6 30. Rd7 Re7 31. Rxe7 Nxe7 32. Rd1 Nd5 33. N2e3 Nf4 34. Kf1 Rb7 35. g3 Ng6 36. f4 h4 37. Rd3 Kg7 38. a4 Ra7 39. Bd1 hxg3 40. hxg3 Be7 41. Nd6 Kf8 42. Nec4 Bxd6 43. Rxd6 Ke7 44. Rb6 Kd7 45. a5 Kc7 46. Bf3 Ne7 47. b4 Nc8 48. Rc6+ Kb8 49. Nd6 Ne7 50. Rb6+ Kc7 51. Nb5+ Kd7 52. Nxa7 f6 53. Nb5 Nc8 54. Rb7+ Kd8 55. Bc6 e5 56. Rh7 Nd6 57. Nc3 Kc8 58. Nd5 Kb8 59. Rh8+ Ka7 60. Ra8# 1-0

[Event "Wch Seniors 14th"]
[Site "Halle"]
[Date "2004.11.02"]
[Round "8"]
[White "Keze, Arnis"]
[Black "Dietze, Otto"]
[Result "1-0"]
[WhiteElo "1992"]
[BlackElo "1492"]
[PlyCount "51"]
[EventDate "2004.10.24"]
[EventType "swiss"]
[EventRounds "11"]
[EventCountry "GER"]
[SourceTitle "EXT 2005"]
[Source "ChessBase"]
[SourceDate "2004.11.15"]
[SourceVersion "1"]
[SourceVersionDate "2004.11.15"]
[SourceQuality "1"]

1. d4 Nf6 2. Nf3 g6 3. c4 Bg7 4. Nc3 0-0 5. e4 d6 6. Bg5 Nbd7 7. Qd2 c5 8. Rd1 cxd4 9. Nxd4 Nc5 10. f3 Ne6 11. Be3 Nxd4 12. Bxd4 Be6 13. Be2 Nd7 14. h4 Ne5 15. Nd5 Bxd5 16. cxd5 f5 17. f4 Nd7 18. Bxg7 Kxg7 19. exf5 Rxf5 20. g4 Rf7 21. h5 Qb6 22. hxg6 hxg6 23. Qc3+ Nf6 24. g5 Rh8 25. Rxh8 Qg1+ 26. Kd2 1-0